| 000 -LEADER |
| fixed length control field |
00856cam a22002414a 4500 |
| 020 ## - INTERNATIONAL STANDARD BOOK NUMBER |
| ISBN |
1856499758 (cased) |
| 020 ## - INTERNATIONAL STANDARD BOOK NUMBER |
| ISBN |
1856499766 (limp) |
| 040 ## - CATALOGING SOURCE |
| Transcribing agency |
DLC |
| 082 00 - DEWEY DECIMAL CLASSIFICATION NUMBER |
| Classification number |
363 ZED 2001 A117 Or. |
| 245 00 - TITLE STATEMENT |
| Title |
Evaluating International Humanitarian Action: |
| Remainder of title |
reflection from practitioners / |
| 260 ## - PUBLICATION, DISTRIBUTION, ETC. (IMPRINT) |
| Place of publication |
London ; |
| -- |
New York : |
| Name of publisher |
Zed Books, |
| Year of publication |
c2001. |
| 300 ## - PHYSICAL DESCRIPTION |
| Number of Pages |
xxi, 222 p. : |
| Other physical details |
ill., maps ; |
| Dimensions |
22 cm. |
| 650 #0 - SUBJECT ADDED ENTRY--TOPICAL TERM |
| Topical Term |
Disaster relief |
| 650 #0 - SUBJECT ADDED ENTRY--TOPICAL TERM |
| Topical Term |
Humanitarian assistance |
| 650 #0 - SUBJECT ADDED ENTRY--TOPICAL TERM |
| Topical Term |
Evaluation research (Social action programs) |
| 700 1# - ADDED ENTRY--PERSONAL NAME |
| Personal name |
Wood, Adrian P. |
| 700 1# - ADDED ENTRY--PERSONAL NAME |
| Personal name |
Apthorpe, Raymond J. |
| 700 1# - ADDED ENTRY--PERSONAL NAME |
| Personal name |
Borton, John, |
| 856 42 - ELECTRONIC LOCATION AND ACCESS |
| Uniform Resource Identifier |
http://www.loc.gov/catdir/bios/hol059/2001017626.html |
| 856 42 - ELECTRONIC LOCATION AND ACCESS |
| Uniform Resource Identifier |
http://www.loc.gov/catdir/description/hol051/2001017626.html |
| 856 41 - ELECTRONIC LOCATION AND ACCESS |
| Uniform Resource Identifier |
http://www.loc.gov/catdir/toc/hol051/2001017626.html |
| 942 ## - ADDED ENTRY ELEMENTS (KOHA) |
| Koha item type |
ADB |
| 952 ## - LOCATION AND ITEM INFORMATION (KOHA) |
| Withdrawn status [LOCAL, KOHA] |
0 |